Erzbistum aktiv: Zeitung für die Ehrenamtlichen in der Erzdiözese Bamberg
| Vorheriger Titel: | Die katholische Aktion |
|---|---|
| Nebentitel: | Zeitung für die Ehrenamtlichen in der Erzdiözese Bamberg |
| Körperschaft: | |
| Medienart: | Druck Zeitschrift |
| Sprache: | Deutsch |
| Subito Bestelldienst: | Jetzt bestellen. |
| Verfügbarkeit prüfen: | HBZ Gateway |
| WorldCat: | WorldCat |
| Fernleihe: | Für eine Fernleihe wählen Sie bitte zuerst einen Band oder Aufsatz aus. |
| Veröffentlicht: |
Bamberg
Redaktion c/o Caritasverband für die Erzdiözese Bamberg
[2001?-2022]
Bamberg Erzbischöfliches Ordinariat, Referat Information und Kommunikation 2001-[?] |
| In: | Jahr: 2001 |
| normierte Schlagwort(-folgen): | B
Katholische Kirche, Erzdiözese Bamberg
/ Ehrenamtliche Tätigkeit
/ Zeitschrift
|
| weitere Schlagwörter: | B
Zeitschrift
B Katholische Kirche / Erzdiözese Bamberg |
MARC
| LEADER | 00000cas a2200000 c 4500 | ||
|---|---|---|---|
| 001 | 358953979 | ||
| 003 | DE-627 | ||
| 005 | 20241210070333.0 | ||
| 007 | tu | ||
| 008 | 030108d20012022gw z| p| 0 |0ger c | ||
| 015 | |a 03,B08,0059 |2 dnb | ||
| 016 | 7 | |a 024179124 |2 DE-101 | |
| 016 | 7 | |a 2097493-0 |2 DE-600 | |
| 035 | |a (DE-627)358953979 | ||
| 035 | |a (DE-576)285637460 | ||
| 035 | |a (DE-599)ZDB2097493-0 | ||
| 035 | |a (OCoLC)643150574 | ||
| 040 | |a DE-627 |b ger |c DE-627 |e rakwb | ||
| 041 | |a ger | ||
| 044 | |c XA-DE | ||
| 082 | 0 | 4 | |a 230 |q DE-600 |
| 084 | |a 12 |a 200 |a 220 |a 230 |2 sdnb | ||
| 084 | |a 1 |2 ssgn | ||
| 110 | 2 | |e VerfasserIn |0 (DE-588)1080677399 |0 (DE-627)845029967 |0 (DE-576)453661181 |4 aut |a Katholische Kirche |b Erzdiözese Bamberg | |
| 245 | 1 | 0 | |a Erzbistum aktiv |b Zeitung für die Ehrenamtlichen in der Erzdiözese Bamberg |
| 246 | 3 | 3 | |a Zeitung für die Ehrenamtlichen in der Erzdiözese Bamberg |
| 264 | 3 | 1 | |a Bamberg |b Redaktion c/o Caritasverband für die Erzdiözese Bamberg |c [2001?-2022] |
| 264 | 1 | |a Bamberg |b Erzbischöfliches Ordinariat, Referat Information und Kommunikation |c 2001-[?] | |
| 300 | |c 30 cm | ||
| 336 | |a Text |b txt |2 rdacontent | ||
| 337 | |a ohne Hilfsmittel zu benutzen |b n |2 rdamedia | ||
| 338 | |a Band |b nc |2 rdacarrier | ||
| 362 | 0 | |a Nachgewiesen 2001-2022, 4 ; damit Erscheinen eingestellt | |
| 363 | 0 | 0 | |i 2001 |
| 363 | 1 | 0 | |i 2022 |b 4 |
| 515 | |a Ersch. unregelmäßig | ||
| 591 | |a 101b!(09-12-22) | ||
| 601 | |a Zeitung | ||
| 601 | |a Ehrenamt | ||
| 601 | |a Bamberg | ||
| 601 | |a Erzdiözese | ||
| 610 | 2 | 0 | |a Katholische Kirche / Erzdiözese Bamberg |
| 655 | 7 | |a Zeitschrift |0 (DE-588)4067488-5 |0 (DE-627)10454466X |0 (DE-576)20917000X |2 gnd-content | |
| 689 | 0 | 0 | |d b |0 (DE-588)1080677399 |0 (DE-627)845029967 |0 (DE-576)453661181 |2 gnd |a Katholische Kirche |b Erzdiözese Bamberg |
| 689 | 0 | 1 | |d s |0 (DE-588)4013673-5 |0 (DE-627)104123559 |0 (DE-576)208905057 |2 gnd |a Ehrenamtliche Tätigkeit |
| 689 | 0 | 2 | |d s |0 (DE-588)4067488-5 |0 (DE-627)10454466X |0 (DE-576)20917000X |2 gnd |a Zeitschrift |
| 689 | 0 | |5 DE-101 | |
| 772 | 0 | 8 | |i Supplement zu |n 2005- |t Gemeinde creativ |d München : Landeskomitee der Katholiken in Bayern, 2002 |w (DE-627)345574184 |w (DE-600)2075689-6 |w (DE-576)285636715 |x 1618-8322 |
| 780 | 0 | 0 | |i Fortsetzung von |t Die katholische Aktion |d Bamberg : Seelsorgeamt, 1947 |w (DE-627)167359436 |w (DE-600)506037-0 |w (DE-576)285624520 |k Non-Electronic |
| 935 | |a mteo | ||
| 951 | |a JT | ||
| ELC | |b 1 | ||
| ORI | |a SA-MARC-ixtheo_oa001.raw | ||
| REL | |a 1 | ||
| STA | 0 | 0 | |a Journal,Yearbooks,Voluntary service,Honorary service |
| STB | 0 | 0 | |a Bénévolat,Activité bénévole,Activité bénévole,Revue,Périodique,Périodique,Annuaires |
| STC | 0 | 0 | |a Revista,Trabajo voluntario |
| STD | 0 | 0 | |a Attività di volontariato,Rivista,Periodico,Periodico |
| STE | 0 | 0 | |a 期刊,杂志 |
| STF | 0 | 0 | |a 期刊,雜誌 |
| STG | 0 | 0 | |a Revista,Trabalho voluntário |
| STH | 0 | 0 | |a Добровольная деятельность,Журнал |
| STI | 0 | 0 | |a Εθελοντική εργασία,Περιοδικό |
| SUB | |a REL | ||
| SYG | 0 | 0 | |a Erzdiözese Bamberg,Katholische Kirche,Erzbistum Bamberg,Erzbistum Bamberg,Katholische Kirche,Archidioecesis Bambergensis,Archidioecesis Bambergensis,Katholische Kirche,Erzdiözese Bamberg,Erzbischof,Katholische Kirche,Erzdiözese Bamberg,Generalvikariat,Katholische Kirche,Erzdiözese Bamberg,Pressestelle,Katholische Kirche,Erzdiözese Bamberg,Abteilung Jugendseelsorge und Jugendarbeit,Katholische Kirche,Erzdiözese Bamberg,Referat Öffentlichkeitsarbeit,Katholische Kirche,Erzdiözese Bamberg,Referat Öffentlichkeitsarbeit, Projektarbeit,Katholische Kirche,Erzdiözese Bamberg,Referat Öffentlichkeitsarbeit, Pressestelle,Katholische Kirche,Erzdiözese Bamberg,Stabsstelle Öffentlichkeitsarbeit, Projektarbeit , Ehrenamtlichkeit,Freiwillige Tätigkeit,Freiwilligentätigkeit,Freiwilligenarbeit,Freiwilligendienst,Freiwilliges Engagement,Bürgerschaftliches Engagement , Periodikum,Zeitschriften |
| TIM | |a 100018170101_100020261231 |b 1817 - 2026 | ||



